000 00509nam a2200181 a 4500
001 1759670241079
003 YourLibrary
005 20251007104616.0
008 251005s2001##################000#0#eng##
020 _a9780820452593
082 0 4 _a174.2
_bKLU
100 1 _aKluge, Eike-Henner W.,
_eauthor.
245 1 0 _aThe Ethics of Electronic Patient Records :
260 _bNew York : P. Lang,
_c2001.
650 0 _aDisclosure of information.
942 _cENGLISH
040 _aYourLibrary
_beng
_cYourLibrary
999 _c591018
_d591018